| 000 | 00497nam a2200169Ia 4500 | ||
|---|---|---|---|
| 999 |
_c36791 _d36791 |
||
| 003 | OSt | ||
| 005 | 20210121125559.0 | ||
| 008 | 190216s9999||||xx |||||||||||||| ||und|| | ||
| 040 | _coclc | ||
| 082 |
_a610 _bBAP/P |
||
| 100 |
_aBappu, Hakkeem Abdulla _98347 |
||
| 245 | 0 |
_aPazhangal Kondu Unani Chikilsa / _cHakkeem Abdulla Bappu |
|
| 260 |
_bUnani Science Academy, _aCalicut: _c2004. |
||
| 300 | _a252p | ||
| 650 | _aMalayalam | ||
| 942 |
_cBK _2ddc _h610 _iBAP/P _k610 _mBAP/P |
||